| 000 | 00762cab a2200265 4500 | ||
|---|---|---|---|
| 001 | ABS56560 | ||
| 008 | 090401t1997 xxu||||| |||| 00| 0 eng d | ||
| 035 | _a(Sirsi) u24533 | ||
| 041 | _aeng | ||
| 100 | _aFinney, A. | ||
| 245 | _aMoving matters | ||
| 260 | _c1997 | ||
| 350 | _a0 | ||
| 490 |
_aFarmland Market _v4(3) February 1997, 16-17(2) |
||
| 520 | _aThe Managing Director of Hambro Countrywide Relocation discusses the key issues to be considered when a company relocates. Statistics. | ||
| 650 | _aCOSTS | ||
| 650 | _aHAMBRO COUNTRYWIDE | ||
| 650 | _aMOVING HOUSE | ||
| 650 | _aRELOCATION COSTS | ||
| 650 | _aRELOCATION | ||
| 690 | _aPROPERTY-COMMERCIAL PROPERTY | ||
| 690 | _aECONOMIC AND SOCIAL | ||
| 942 | _n0 | ||
| 948 | _c04/03/1997 | ||
| 999 |
_c16455 _d16455 |
||